| 000 | 00812nam a2200265Ia 4500 | ||
|---|---|---|---|
| 003 | OSt | ||
| 005 | 20221006160522.0 | ||
| 006 | a|||||r|||| 00| 0 | ||
| 007 | ta | ||
| 008 | 221006b |||||||| |||| 00| 0 eng d | ||
| 020 |
_a9780521380553 _c _3.14 |
||
| 024 | _a45,374 | ||
| 037 | _cTextual | ||
| 040 |
_aEASL _cEASL _beng |
||
| 041 |
_2eng _aeng |
||
| 082 | _aX8(A):8.420j56, N0 | ||
| 100 | _aWHITTAKER D.H | ||
| 245 | 0 |
_aManaging innovation _b study of british and japanese factories |
|
| 260 |
_aCambridge _bCambridge university Press _c1990 |
||
| 300 |
_a222p. _ccm. |
||
| 490 |
_v JEL _aCambridge studies in Management |
||
| 650 |
_aTechnological innovations- Japan - Management _9673971 |
||
| 942 |
_hX8(A):8.420j56, N0 _cTEXL _2CC |
||
| 999 |
_c1113466 _d1113466 |
||